000 00624nam a2200193Ia 4500
003 OSt
005 20251014141442.0
008 220923b |||||||| |||| 00| 0 eng d
037 _cReference
040 _aRTL
_cRTL
_beng
041 _2eng
_aeng
084 _aV52y7M91:g, L7/
_qRTL
100 _aDavidson, Alastair.
_9111878
245 0 _aAntonio gramsci: towards an intellectual biography.
_b
260 _aLondon
_bMerlin press
_c1977
300 _axvi,337 p.
_ccm.
_bIncludes bibliographical references and index.
942 _hV52y7M91:2, L7/SC
_cREF
_2CC
_n0
999 _c574426
_d574426